Psychiatry around the globe : a transcultural view /

Bibliographic Details
Main Author: Leff, Julian P.
Format: Book
Language:English
Published: New York : Dekker, [1981]
Series:Experimental and clinical psychiatry ; v. 5.
Subjects:

MARC

Tag First Indicator Second Indicator Subfields
LEADER 00000pam a2200000 a 4500
001 in00000085930
005 20151008064348.0
008 810804s1981 nyua b 00110 eng
010 |a  81012577  
020 |a 0824715322 
035 |a (OCoLC)07734640 
035 |9 AAK4039AM 
039 0 |a 2  |b 3  |c 3  |d 3  |e 3 
040 |a DLC  |c DLC  |d TXA  |d UtOrBLW 
049 |a TXAM  |c [952066] 
050 0 0 |a RC455.4.E8  |b L43 
060 0 |a W1 EX465 v. 5  |a WM 35 L493p 
082 0 |a 616.89  |2 19 
100 1 |a Leff, Julian P. 
245 1 0 |a Psychiatry around the globe :  |b a transcultural view /  |c Julian Leff. 
264 1 |a New York :  |b Dekker,  |c [1981] 
264 4 |c ©1981 
300 |a xii, 204 pages :  |b illustrations ;  |c 24 cm. 
336 |a text  |b txt  |2 rdacontent 
337 |a unmediated  |b n  |2 rdamedia 
338 |a volume  |b nc  |2 rdacarrier 
490 1 |a Experimental and clinical psychiatry ;  |v v. 5 
500 |a Includes index. 
504 |a Bibliography: pages 187-198. 
650 0 |a Psychiatry, Transcultural. 
650 2 |a Psychiatry. 
650 2 |a Holy Cross  |x Cultural comparison. 
830 0 |a Experimental and clinical psychiatry ;  |v v. 5. 
999 |a MARS 
999 f f |s c0a270e9-f7bb-3e42-88c8-8710b325ae62  |i 211bbafe-d2cc-303e-bd4f-4f1deb2d0cf1  |t 0 
952 f f |p ric  |a Texas A&M University  |b Rellis Campus  |c Joint Library Facility  |d Remote Storage  |t 0  |e RC455.4.E8 L43  |h Library of Congress classification  |i unmediated -- volume  |m A14806229730 
998 f f |a RC455.4.E8 L43  |t 0  |l Remote Storage